000 00314nam a2200121Ia 4500
008 220204s9999 xx 000 0 und d
082 _a030.1:711.552
_bBUT
100 _aButton, H G
245 0 _aGuinness book of the business world
260 _aMiddlesex
_bGuinness
_c1976
700 _aLampert, A P
942 _cBK
999 _c31687
_d31687